000 00802nam a22002177a 4500
003 0
005 20251114105659.0
008 251114b xxu||||| |||| 00| 0 eng d
020 _a0-00-692150
050 _aPZ 7
_b.B629 M97 1987
100 _aBlyton, Enid,
_eBlyton, Enid,
245 _aThe mystery that never was /
_cEnid Blyton ; illustrated by Rodney Sutton.
260 _aLondon :
_bArmada,
_c1987.
300 _a126 pages :
_billustrations ;
_c18 cm.
520 _aA suspense-filled adventure story in which the characters investigate a puzzling mystery that everyone believes has been resolved—except them.
650 _aMystery and detective stories.
650 _aAdventure stories.
650 _aChildren's stories.
700 _aSutton, Rodney,
_e illustrator.
942 _2lcc
_cBK
999 _c368639
_d368639